000 nam a22 7a 4500
999 _c149257
_d149255
005 20190625115643.0
008 190625b mx ||||| |||| 00| 0 spa d
020 _a9788417435226
050 0 4 _aK3240
_bD53 2018
100 1 _aDíaz Pérez, Alejandro,
_eautor
245 1 4 _aLas empresas y los derechos humanos de los pueblos indígenas
_c/ Alejandro Díaz Pérez ; prólogo Jorge Calderón Gamboa.
250 _aPrimera edición
260 _aMéxico :
_bUniverso de Letras,
_c2018
300 _a116 páginas ;
_c21 cm.
504 _aBibliografía : p. 111-116
650 7 _2lemb
_aDerechos humanos
650 7 _2lemb
_aEmpresas
650 7 _2lemb
_aIndígenas
700 1 _aCalderón Gamboa, Jorge,
_eprólogo
942 _2lcc
_cLIB